|
|
|
|
| LEADER |
00000nam2a2200000 4500 |
| 001 |
323555 |
| 005 |
20231102003600.0 |
| 035 |
|
|
|a (RuTPU)RU\TPU\book\349142
|
| 035 |
|
|
|a RU\TPU\book\349086
|
| 090 |
|
|
|a 323555
|
| 100 |
|
|
|a 20161021d1969 k y0rusy50 ca
|
| 101 |
0 |
|
|c eng
|
| 102 |
|
|
|a RU
|
| 105 |
|
|
|a a z 001zy
|
| 200 |
0 |
|
|a Т. 4
|
| 210 |
|
|
|d 1969
|
| 215 |
|
|
|a 443 с.
|c ил.
|
| 320 |
|
|
|a Библиогр. в конце докл.
|
| 461 |
|
1 |
|0 (RuTPU)RU\TPU\book\349086
|t Труды Третьего международного конгресса по коррозии металлов
|l Proceedings of the Third International congress on metallic corrosion
|o Москва, 1966 г.
|f Международный конгресс по коррозии металлов
|v Т. 4
|d 1968-
|
| 606 |
1 |
|
|a Металлы
|x Коррозия
|2 stltpush
|3 (RuTPU)RU\TPU\subj\72818
|9 86210
|
| 610 |
1 |
|
|a механизмы
|
| 610 |
1 |
|
|a температура
|
| 610 |
1 |
|
|a структурные факторы
|
| 610 |
1 |
|
|a окисление
|
| 610 |
1 |
|
|a методы
|
| 610 |
1 |
|
|a сталь
|
| 610 |
1 |
|
|a микроструктура
|
| 610 |
1 |
|
|a слои
|
| 610 |
1 |
|
|a атмосфера
|
| 675 |
|
|
|a 669:620.193
|v 4
|
| 702 |
|
1 |
|a Лестева
|b Н.
|4 340
|
| 801 |
|
1 |
|a RU
|b 63413507
|c 20161020
|
| 801 |
|
2 |
|a RU
|b 63413507
|c 20161021
|g RCR
|
| 942 |
|
|
|c BK
|